[Event "Saarlouis op 4th"]
[Site "Saarlouis"]
[Date "2001.05.26"]
[Round "8"]
[White "Wolf, Margot"]
[Black "Bastian, Stefan"]
[Result "1/2-1/2"]
[WhiteElo "1255"]
[BlackElo "989"]
[PlyCount "120"]
[EventDate "2001.05.??"]
[EventType "swiss"]
[EventRounds "9"]
[EventCountry "GER"]
[SourceTitle "EXT 2006"]
[Source "ChessBase"]
[SourceDate "2005.11.24"]
[SourceVersion "1"]
[SourceVersionDate "2005.11.24"]
[SourceQuality "1"]

1. d4 d5 2. Nf3 h6 3. Bf4 Nc6 4. e3 Bg4 5. Be2 e6 6. c3 Nf6 7. h3 Bxf3 8. Bxf3 Bd6 9. Bxd6 Qxd6 10. Nd2 0-0-0 11. 0-0 Rhe8 12. e4 g6 13. e5 Nxe5 14. dxe5 Qxe5 15. Re1 Qd6 16. Nb3 e5 17. Be2 h5 18. f3 Qb6+ 19. Kh1 h4 20. Qc2 Nh5 21. Bd3 Ng3+ 22. Kh2 Qd6 23. Rad1 e4 24. fxe4 Nxe4+ 25. Kg1 Nc5 26. Nxc5 Qxc5+ 27. Kh1 Rxe1+ 28. Rxe1 d4 29. cxd4 Qxd4 30. Bc4 f5 31. Bf7 Qb6 32. Re6 Rd6 33. Qe2 Rxe6 34. Bxe6+ Kd8 35. Qd2+ Qd6 36. Qg5+ Qe7 37. Qxg6 c6 38. Qxf5 Kc7 39. Qf4+ Kb6 40. Bc4 a6 41. a4 Qd8 42. b3 Qe7 43. Kg1 Qe1+ 44. Kh2 Qe7 45. g3 hxg3+ 46. Kxg3 Qg7+ 47. Qg4 Qc3+ 48. Kh4 Qh8+ 49. Kg5 Qg7+ 50. Kf5 Qf8+ 51. Kg6 Ka7 52. h4 b5 53. Bf7 Qd6+ 54. Qe6 Qg3+ 55. Kf6 Qxh4+ 56. Kg7 Qg3+ 57. Kf8 Qb8+ 58. Be8 Qf4+ 59. Ke7 Qc7+ 60. Bd7 Kb6 1/2-1/2

[Event "Saarlouis op 4th"]
[Site "Saarlouis"]
[Date "2001.05.22"]
[Round "5"]
[White "Bastian, Stefan"]
[Black "Fleckner, Hans"]
[Result "0-1"]
[WhiteElo "989"]
[BlackElo "1790"]
[PlyCount "86"]
[EventDate "2001.05.??"]
[EventType "swiss"]
[EventRounds "9"]
[EventCountry "GER"]
[SourceTitle "EXT 2006"]
[Source "ChessBase"]
[SourceDate "2005.11.24"]
[SourceVersion "1"]
[SourceVersionDate "2005.11.24"]
[SourceQuality "1"]

1. e4 c5 2. Nf3 Nc6 3. Bb5 g6 4. Bxc6 dxc6 5. d3 Bg7 6. c3 e5 7. Be3 b6 8. Nbd2 Qxd3 9. Qb3 Be6 10. c4 Qd7 11. Rd1 h6 12. Qc3 Qc7 13. b3 Rd8 14. 0-0 Ne7 15. Nb1 0-0 16. Rd2 Rxd2 17. Qxd2 Rd8 18. Qc1 Kh7 19. Nc3 Rd7 20. Ne2 Bg4 21. Ng3 Bxf3 22. gxf3 Qd8 23. f4 exf4 24. Bxf4 g5 25. Be3 Ng6 26. Qb1 Be5 27. Qc2 Rd3 28. a4 Nf4 29. Qc1 Qd7 30. Nf5 Ne2+ 31. Kg2 Nxc1 32. Rxc1 Bf4 33. Kf3 Bxe3 34. Nxe3 f5 35. exf5 Qxf5+ 36. Ke2 Qd7 37. Rb1 Rd2+ 38. Kf3 Qh3+ 39. Ke4 Rd4+ 40. Ke5 Qxh2+ 41. Kf6 Qd6+ 42. Kf5 Qg6+ 43. Ke5 Re4# 0-1

[Event "GER Cup Amateur GrC 1st"]
[Site "Voelklingen"]
[Date "2000.10.13"]
[Round "8"]
[White "Van Hove, Ode"]
[Black "Bastian, Stefan"]
[Result "1-0"]
[WhiteElo "1447"]
[BlackElo "491"]
[PlyCount "37"]
[EventDate "2000.10.??"]
[EventType "swiss"]
[EventRounds "9"]
[EventCountry "GER"]
[SourceTitle "EXT 2004"]
[Source "ChessBase"]
[SourceDate "2003.11.25"]
[SourceVersion "1"]
[SourceVersionDate "2003.11.25"]
[SourceQuality "1"]

1. e4 e5 2. Nf3 Nc6 3. Bc4 Nf6 4. d4 exd4 5. Ng5 Ne5 6. Qxd4 Nxc4 7. Qxc4 d5 8. exd5 Nxd5 9. 0-0 Qxg5 10. Bxg5 Be6 11. Re1 h6 12. Bh4 g5 13. Bg3 c6 14. Nc3 0-0-0 15. Qa4 a6 16. Nxd5 Rxd5 17. Rad1 Rb5 18. Qd4 Bc5 19. Qxh8+ 1-0

[Event "GER Cup Amateur GrC 1st"]
[Site "Voelklingen"]
[Date "2000.10.11"]
[Round "6"]
[White "Braun, Konstantin"]
[Black "Bastian, Stefan"]
[Result "0-1"]
[WhiteElo "282"]
[BlackElo "491"]
[PlyCount "98"]
[EventDate "2000.10.??"]
[EventType "swiss"]
[EventRounds "9"]
[EventCountry "GER"]
[SourceTitle "EXT 2004"]
[Source "ChessBase"]
[SourceDate "2003.11.25"]
[SourceVersion "1"]
[SourceVersionDate "2003.11.25"]
[SourceQuality "1"]

1. e4 e5 2. Nf3 Nc6 3. Nc3 Nf6 4. Bc4 h6 5. 0-0 d6 6. h3 Bd7 7. d3 a6 8. Be3 Rb8 9. Nd5 b5 10. Nxf6+ Qxf6 11. Bb3 a5 12. a3 Qg6 13. Kh1 a4 14. Bd5 Ne7 15. Ba7 Rd8 16. Ba2 Nc6 17. Be3 Be7 18. b3 Be6 19. bxa4 bxa4 20. Qd2 Bxa2 21. Rxa2 0-0 22. Rb2 f5 23. exf5 Rxf5 24. Rfb1 d5 25. Qc1 Bxa3 26. Nh4 Qf6 27. Nxf5 Bxb2 28. Rxb2 Qxf5 29. Ra2 d4 30. Bd2 Qxf2 31. Rxa4 Rd6 32. Ba5 Nxa5 33. Rxa5 Rg6 34. Qg1 Qxc2 35. Rxe5 Qxd3 36. Rd5 Qe4 37. Rxd4 Qe7 38. Rc4 Re6 39. Kh2 Qd6+ 40. Kh1 c6 41. Rd4 Qe7 42. Kh2 Re1 43. Qf2 c5 44. Rc4 Qd6+ 45. Qg3 Rh1+ 46. Kxh1 Qxg3 47. Rxc5 Qe1+ 48. Kh2 Qd1 49. Kg3 Qd6+ 0-1

[Event "GER Cup Amateur GrC 1st"]
[Site "Voelklingen"]
[Date "2000.10.10"]
[Round "5"]
[White "Cara, Bogdan"]
[Black "Bastian, Stefan"]
[Result "1-0"]
[WhiteElo "491"]
[BlackElo "1331"]
[PlyCount "34"]
[EventDate "2000.10.??"]
[EventType "swiss"]
[EventRounds "9"]
[EventCountry "GER"]
[SourceTitle "EXT 2004"]
[Source "ChessBase"]
[SourceDate "2003.11.25"]
[SourceVersion "1"]
[SourceVersionDate "2003.11.25"]
[SourceQuality "1"]

1. e4 e5 2. Nf3 Nc6 3. Bc4 h6 4. 0-0 d6 5. d4 exd4 6. Nxd4 Nxd4 7. Qxd4 Nf6 8. Re1 c5 9. Qd3 Be6 10. Bxe6 fxe6 11. Nc3 Be7 12. Bf4 Qb6 13. Qb5+ Qc6 14. e5 Qxb5 15. Nxb5 Nd5 16. exd6 0-0-0 17. dxe7 Rd7 1-0

[Event "GER Cup Amateur GrC 1st"]
[Site "Voelklingen"]
[Date "2000.10.06"]
[Round "1"]
[White "Schreiber, Winfried"]
[Black "Bastian, Stefan"]
[Result "1-0"]
[WhiteElo "1452"]
[BlackElo "491"]
[PlyCount "101"]
[EventDate "2000.10.??"]
[EventType "swiss"]
[EventRounds "9"]
[EventCountry "GER"]
[SourceTitle "EXT 2004"]
[Source "ChessBase"]
[SourceDate "2003.11.25"]
[SourceVersion "1"]
[SourceVersionDate "2003.11.25"]
[SourceQuality "1"]

1. c4 e5 2. Nc3 Nc6 3. Nf3 d6 4. g3 Bg4 5. Bg2 Bxf3 6. Bxf3 Nf6 7. d3 Rb8 8. 0-0 Nd4 9. Bg2 c6 10. Bg5 h6 11. Be3 Qb6 12. Na4 Qc7 13. Bxd4 exd4 14. b3 b5 15. Nb2 bxc4 16. dxc4 c5 17. Re1 a5 18. e3 dxe3 19. Rxe3+ Be7 20. Qe2 Rd8 21. Re1 Rd7 22. Bh3 0-0 23. Bxd7 Qxd7 24. Rxe7 Qh3 25. Qf1 Qh5 26. Kg2 Ng4 27. h3 Ne5 28. f4 Nc6 29. Re8 f6 30. Rxf8+ Kxf8 31. Qf3 Qxf3+ 32. Kxf3 Nb4 33. a4 Nc6 34. Ke4 Nd4 35. Re3 Ke7 36. Kd3+ Kd7 37. Kc3 g6 38. g4 Ne6 39. Nd3 g5 40. f5 Nd4 41. b4 axb4+ 42. Nxb4 Kd8 43. Nd5 Nc6 44. Re6 Nd4 45. Rxd6+ Ke8 46. Nxf6+ Ke7 47. Rxd4 cxd4+ 48. Kxd4 Kxf6 49. Kd5 h5 50. a5 hxg4 51. hxg4 1-0